[Event "New York GHI"]
[Site "New York"]
[Date "1977.12.09"]
[Round "6"]
[White "Kaimo, Roberto E"]
[Black "Diesen, Mark C"]
[Result "0-1"]
[WhiteElo "2355"]
[BlackElo "2360"]
[PlyCount "114"]
[EventDate "1977.12.??"]
[EventType "tourn"]
[EventRounds "17"]
[EventCountry "USA"]
[SourceTitle "EXT 2005"]
[Source "ChessBase"]
[SourceDate "2004.11.15"]
[SourceVersion "1"]
[SourceVersionDate "2004.11.15"]
[SourceQuality "1"]

1. e4 c5 2. Nf3 d6 3. b3 a6 4. Bb2 Nc6 5. d4 cxd4 6. Nxd4 Bd7 7. c4 Nf6 8. Nc3 Qa5 9. Qd2 Nxd4 10. Qxd4 g6 11. Be2 Bg7 12. 0-0 0-0 13. b4 Qxb4 14. Nd5 e5 15. Nxb4 exd4 16. f3 Be6 17. Bxd4 Rfc8 18. Rac1 a5 19. Bxf6 Bxf6 20. Nd5 Bd4+ 21. Kh1 Bxd5 22. exd5 Re8 23. Bd3 Re3 24. Rcd1 Bc5 25. Rfe1 Rae8 26. Rxe3 Rxe3 27. h3 h5 28. h4 Kg7 29. Kh2 Kf6 30. f4 Bb4 31. Kg1 a4 32. Kh2 b6 33. Kg1 Be1 34. Bc2 a3 35. Rb1 Bg3 36. Rf1 Re2 37. Bb1 Bxh4 38. Kh2 Re3 39. Rf3 Rxf3 40. gxf3 g5 41. fxg5+ Kxg5 42. Kh3 Be1 43. Kg2 Kf4 44. Bc2 Ke3 45. Ba4 f5 46. Bc2 f4 47. Bd1 Bb4 48. Bc2 Bc3 49. Bd1 Be5 50. Kf1 h4 51. Kg2 Kd2 52. Ba4 Ke2 53. Bd7 Kd3 54. Kh3 Bf6 55. Kg4 Kxc4 56. Bc6 Bg5 57. Bd7 b5 0-1

[Event "Marshall CC"]
[Site "New York"]
[Date "1977.??.??"]
[Round "?"]
[White "Kaimo, Roberto E"]
[Black "Lein, Anatoly"]
[Result "0-1"]
[WhiteElo "2355"]
[BlackElo "2525"]
[PlyCount "127"]
[EventDate "1977.01.??"]
[EventType "tourn"]
[EventRounds "13"]
[EventCountry "USA"]
[EventCategory "8"]
[SourceTitle "EXT 1998"]
[Source "ChessBase"]
[SourceDate "1997.11.17"]
[SourceVersion "1"]
[SourceVersionDate "1997.11.17"]
[SourceQuality "1"]

1. e4 e5 2. Nf3 Nc6 3. Bb5 a6 4. Bxc6 dxc6 5. 0-0 Qd6 6. d4 exd4 7. Qxd4 Qxd4 8. Nxd4 Bd7 9. Be3 0-0-0 10. Nc3 Ne7 11. Rad1 Ng6 12. f3 Ne5 13. b3 f6 14. Kf2 c5 15. Nde2 c4 16. h3 cxb3 17. axb3 Re8 18. Nd5 Be6 19. Nef4 Bf7 20. Rd2 b6 21. Rfd1 Kb7 22. Ne2 Be6 23. Nef4 Bc8 24. Nd3 a5 25. c4 Nxd3+ 26. Rxd3 f5 27. exf5 Bxf5 28. R3d2 h5 29. h4 Bd6 30. Bf4 Bc5+ 31. Be3 Ba3 32. Ra2 Bf8 33. g3 Rd8 34. Rad2 Rd7 35. Bd4 Rh6 36. Ne3 Bh7 37. Be5 Rxd2+ 38. Rxd2 Re6 39. f4 Kc8 40. Kf3 Bc5 41. Re2 Re7 42. g4 Rd7 43. gxh5 Rd3 44. f5 Rxb3 45. Kf4 a4 46. Bxg7 a3 47. Ng4 Rb1 48. f6 Rf1+ 49. Kg3 Bd6+ 50. Kg2 Rf4 51. Nf2 Bb1 52. h6 Kb7 53. h5 Rh4 54. c5 Bxc5 55. Kg3 Rxh5 56. Ne4 Bb4 57. f7 a2 58. Rxa2 Bxa2 59. f8Q Bxf8 60. Bxf8 Bb1 61. Nd2 Bc2 62. Nf3 c5 63. Kg4 Rh1 64. Ne5 0-1

[Event "Marshall CC"]
[Site "New York"]
[Date "1977.??.??"]
[Round "?"]
[White "Kaimo, Roberto E"]
[Black "Soltis, Andrew E"]
[Result "0-1"]
[WhiteElo "2355"]
[BlackElo "2450"]
[PlyCount "96"]
[EventDate "1977.01.??"]
[EventType "tourn"]
[EventRounds "13"]
[EventCountry "USA"]
[EventCategory "8"]
[SourceTitle "EXT 1998"]
[Source "ChessBase"]
[SourceDate "1997.11.17"]
[SourceVersion "1"]
[SourceVersionDate "1997.11.17"]
[SourceQuality "1"]

1. e4 c5 2. Nf3 d6 3. c3 Nf6 4. Bd3 Nc6 5. h3 d5 6. exd5 Nxd5 7. Bb5 Bd7 8. 0-0 g6 9. d4 cxd4 10. Nxd4 Bg7 11. Nb3 Nc7 12. Bd3 b6 13. Be4 f5 14. Bc2 0-0 15. Qe2 e5 16. Na3 Qe7 17. Bd2 Kh8 18. Rad1 Rad8 19. Bc1 Be6 20. Nb5 Nd5 21. c4 Ndb4 22. Bb1 a6 23. Nc3 Qf7 24. Nd2 Nd4 25. Qe1 Nbc2 26. Bxc2 Nxc2 27. Qe2 Nd4 28. Qe1 e4 29. Ncb1 Bxc4 30. Nxc4 Qxc4 31. b3 Qc6 32. Bg5 Rd7 33. Rc1 Qd6 34. Qe3 f4 35. Qxe4 h6 36. Bxh6 Bxh6 37. Rcd1 Rfd8 38. Nc3 Bg7 39. Rfe1 Qf6 40. Kh1 Qf5 41. Na4 b5 42. Qxf5 Nxf5 43. Rxd7 Rxd7 44. Nc5 Rd8 45. Re2 Rc8 46. Nxa6 Bd4 47. Kh2 Rc1 48. Nb4 Ng3 0-1

[Event "Marshall CC"]
[Site "New York"]
[Date "1977.??.??"]
[Round "?"]
[White "Mednis, Edmar John"]
[Black "Kaimo, Roberto E"]
[Result "1-0"]
[WhiteElo "2430"]
[BlackElo "2355"]
[PlyCount "93"]
[EventDate "1977.01.??"]
[EventType "tourn"]
[EventRounds "13"]
[EventCountry "USA"]
[EventCategory "8"]
[SourceTitle "EXT 1998"]
[Source "ChessBase"]
[SourceDate "1997.11.17"]
[SourceVersion "1"]
[SourceVersionDate "1997.11.17"]
[SourceQuality "1"]

1. e4 e6 2. d4 b6 3. Nf3 Bb7 4. Bd3 c5 5. c3 Nf6 6. Nbd2 Be7 7. 0-0 Qc7 8. a3 d6 9. Re1 Nbd7 10. h3 h6 11. e5 Nd5 12. Nc4 g5 13. exd6 Bxd6 14. Nxd6+ Qxd6 15. Ne5 Nxe5 16. dxe5 Qc7 17. Bb5+ Bc6 18. Qa4 Rc8 19. Bxc6+ Qxc6 20. Qxc6+ Rxc6 21. c4 Ne7 22. a4 a6 23. a5 b5 24. cxb5 axb5 25. a6 Kd7 26. Ra5 Ra8 27. Rxb5 Raxa6 28. Be3 c4 29. Rc1 Nd5 30. Rb7+ Ke8 31. Rb8+ Ke7 32. Bd4 Nf4 33. Rc2 Ra1+ 34. Kh2 Rd1 35. Bc3 Nd5 36. Bd2 c3 37. bxc3 Rf1 38. Bc1 Rxc3 39. Rxc3 Nxc3 40. Ba3+ Kd7 41. Rb7+ Kc6 42. Rxf7 Kd5 43. Rd7+ Ke4 44. f3+ Ke3 45. Bf8 Ne2 46. Bxh6 Kf2 47. Rd2 1-0

[Event "Marshall CC"]
[Site "New York"]
[Date "1977.??.??"]
[Round "?"]
[White "Rohde, Michael A"]
[Black "Kaimo, Roberto E"]
[Result "1-0"]
[WhiteElo "2380"]
[BlackElo "2355"]
[PlyCount "93"]
[EventDate "1977.01.??"]
[EventType "tourn"]
[EventRounds "13"]
[EventCountry "USA"]
[EventCategory "8"]
[SourceTitle "EXT 1998"]
[Source "ChessBase"]
[SourceDate "1997.11.17"]
[SourceVersion "1"]
[SourceVersionDate "1997.11.17"]
[SourceQuality "1"]

1. e4 c5 2. Nf3 e6 3. d4 cxd4 4. Nxd4 Nc6 5. Nc3 d6 6. Be2 Nf6 7. 0-0 Be7 8. Be3 0-0 9. f4 Qc7 10. Qe1 a6 11. Qg3 Bd7 12. Kh1 b5 13. e5 dxe5 14. fxe5 Ne8 15. Ne4 Nxd4 16. Bxd4 Bc6 17. Bd3 Rd8 18. c3 Bxe4 19. Bxe4 g6 20. Qe3 Rd7 21. Rf3 f5 22. exf6 Bxf6 23. Raf1 Rdf7 24. Bb6 Qd7 25. Bc2 Be7 26. Bb3 Ng7 27. Rxf7 Rxf7 28. Re1 Kf8 29. Kg1 Rf6 30. Qh6 Qc6 31. Bd4 Bc5 32. Qxh7 Bxd4+ 33. cxd4 Qd6 34. Qh4 Rf4 35. Qh8+ Kf7 36. d5 Qc5+ 37. Kh1 Qf2 38. dxe6+ Kf6 39. Qd8+ Kf5 40. Qd3+ Kf6 41. Qc3+ Kg5 42. Qg3+ Qxg3 43. hxg3 Rf5 44. e7 Ne8 45. Be6 Rf2 46. Re5+ Kh6 47. g4 1-0